01909nas a22002417a 4500999001700000005001700017007001200034008004100046022001400087040000900101082001500110245008800125260003800213300001600251310001500267365001600282500119500298650006901493651001601562655002001578856004001598942002901638 c40829d4082920200520113103.0cz aa aaaaa200428c f||poo|||| 00| 0 eng d a2664-6196 coclc a570bJOU/B aInternational Journal of Clinical Biology and Biochemistryhe-Journal (Open Access) bPrime PublicationsaDelhi, India  aPDF(online) aSemiannual eOpen Access aInternational Journal of Clinical Biology and Biochemistry is a peer-reviewed, open access journal that publishes original research articles as well as review articles covering all areas of biological chemistry. Considers review and research articles related to: medical biochemistry, Molecular Cell Biology, Microbiology, Infection and Immunity, structural & functional biology, clinical and medical biochemistry, cellular & molecular biology, molecular immunology, biochemical pathways and mechanisms, genetic studies, therapeutic drug monitoring and toxicology, laboratory medicine in general, prognosis, treatment, therapy, and monitoring of disease, biomolecular recognition, protein-DNA interactions, gene-cloning, genetic engineering, genome analysis, gene targeting, gene expression, vectors, gene therapy, drug targeting, drug design, molecular basis of genetic diseases, Molecular Biology of Host-pathogens Interactions, RNA and protein expression and regulation, transcriptomics, enzymology, biophysics, contemporary areas of molecular biology such as studies on replication, repair, recombination, transcription, mutation, coding and non-coding RNA, genomics, proteomics, etc.  092322aNatural sciences & mathematicsvLife sciences; biology 092254aIndia 092257ae-Journal uhttp://www.biochemistryjournal.net/ 2ddccEJh570k570mJOU/B